LEADER 02111nam 2200445 a 450 001 9910697138003321 005 20230902162238.0 035 $a(CKB)5470000002385533 035 $a(OCoLC)712141802 035 $a(EXLCZ)995470000002385533 100 $a20110412d2009 ua 0 101 0 $aeng 135 $aurcn||||||||| 181 $ctxt$2rdacontent 182 $cc$2rdamedia 183 $acr$2rdacarrier 200 00$aDevelopment of a multiaxial viscoelastoplastic continuum damage model for asphalt mixtures$b[electronic resource] /$f[Y. Richard Kim ... and others] 210 1$aMcLean, VA :$cFederal Highway Administration, Research, Development and Technology, Turner-Fairbank Highway Research Center,$d[2009] 215 $a1 online resource (xix, 244 pages) $cillustrations (chiefly color), color charts 300 $aTitle from title screen (viewed on Apr. 12, 2011). 300 $a"Performing organization, North Carolina State University, Dept. of Civil, Construction, and Environmental Engineering." 300 $a"September 2009." 300 $a"HRDI-12/09-09(350)E"--P. [4] of cover. 320 $aIncludes bibliographical references (pages 241-244). 606 $aAsphalt concrete$xMechanical properties$xMathematical models 606 $aAsphalt concrete$xCracking$xMathematical models 606 $aViscoelasticity$xMathematical models 615 0$aAsphalt concrete$xMechanical properties$xMathematical models. 615 0$aAsphalt concrete$xCracking$xMathematical models. 615 0$aViscoelasticity$xMathematical models. 701 $aKim$b Y. Richard$01402545 712 02$aUnited States.$bFederal Highway Administration.$bOffice of Research and Technology Services. 712 02$aTurner-Fairbank Highway Research Center. 712 02$aNorth Carolina State University.$bDepartment of Civil, Construction, and Environmental Engineering. 801 0$bGPO 801 1$bGPO 906 $aBOOK 912 $a9910697138003321 996 $aDevelopment of a multiaxial viscoelastoplastic continuum damage model for asphalt mixtures$93473314 997 $aUNINA LEADER 01758nam 2200553 450 001 9910814690203321 005 20231222111205.0 010 $a1-118-50219-1 010 $a1-118-50216-7 010 $a1-118-50221-3 035 $a(CKB)24989770300041 035 $a(Au-PeEL)EBL4035886 035 $a(CaPaEBR)ebr11110708 035 $a(CaONFJC)MIL812226 035 $a(OCoLC)915248367 035 $a(MiAaPQ)EBC4035886 035 $a(EXLCZ)9924989770300041 100 $a20151104h20152015 uy 0 101 0 $aeng 135 $aur||||||||||| 181 $2rdacontent 182 $2rdamedia 183 $2rdacarrier 200 00$aBiochemistry & molecular biology of plants /$fedited by Bob B. Buchanan, Wilhelm Gruissem, and Russell L. Jones ; contributors Nikolaus Amrhein [and fifty three others] 205 $aSecond edition. 210 1$aChichester, England :$cWiley Blackwell,$d2015. 210 4$d2015 215 $a1 online resource (3,084 pages) $cillustrations, tables 300 $a"American Society of Plant Biologists." 320 $aIncludes bibliographical references and index. 517 1 $aBiochemistry and molecular biology of plants 606 $aBotanical chemistry 606 $aMolecular biology 606 $aPlant molecular biology 615 0$aBotanical chemistry. 615 0$aMolecular biology. 615 0$aPlant molecular biology. 676 $a572.8/2 702 $aAmrhein$b Nikolaus 702 $aBuchanan$b Bob B. 702 $aGruissem$b Wilhelm 702 $aJones$b Russell L. 801 0$bMiAaPQ 801 1$bMiAaPQ 801 2$bMiAaPQ 906 $aBOOK 912 $a9910814690203321 996 $aBiochemistry & molecular biology of plants$9473121 997 $aUNINA